| 000 | 00774nam a2200241 i 4500 | ||
|---|---|---|---|
| 001 | 7998 | ||
| 003 | ES-MaACL | ||
| 005 | 20230906145345.0 | ||
| 007 | t| | ||
| 008 | 910619s1990 sp ||||1| spa d | ||
| 020 | _a84-239-6229-6 | ||
| 080 | _a338.924(46) | ||
| 100 | 1 |
_aCarreras, Albert. _935648 |
|
| 245 | 1 | 0 |
_aIndustrialización española, estudios de historia cuantitativa / _cAlbert Carreras. |
| 260 |
_aMadrid : _bEspasa-Calpe, _cD.L. 1990. |
||
| 300 |
_a220 p. ; _c20 cm. |
||
| 490 | 1 | _aBiblioteca de economía. Serie Estudios | |
| 504 | _aBibliogr.: p. 199-215. | ||
| 650 | 1 | 4 |
_aDesarrollo industrial- _zEspaña. _911807 |
| 830 | 0 |
_aBiblioteca de economía. Serie Estudios _9177996 |
|
| 852 |
_aES-MaACL _jL-15336 _bR.119594 _z. - rust. |
||
| 999 |
_c7998 _d7998 |
||